| 000 | 00000nam##2200000za#4500 |
| 001 | 9.569713 |
| 003 | CaOODSP |
| 005 | 20210624181911 |
| 007 | cr ||||||||||| |
| 008 | 150406|1995||||xxc|||||o f|0| 0 eng|d |
| 040 | |aCaOODSP|beng |
| 043 | |an-cn--- |
| 086 | 1 |aNH18-1/164-1995E-PDF |
| 110 | 2 |aCanada Mortgage and Housing Corporation. |
| 245 | 10|aProviding housing services for off reserve Aboriginal peoples : |h[electronic resource]|banalysis and recommendations / |c[by] Congress of Aboriginal Peoples. |
| 260 | |aOttawa - Ontario : |bCanada Mortgage and Housing Corporation |c1995. |
| 300 | |a55p.|bfigs., graphs, tables |
| 490 | 1 |aResearch report |
| 546 | |a(Comprend du texte en français.) |
| 590 | |a12-28-Supp|b2012-06-15 |
| 830 | #0|aResearch report (Canada Mortgage and Housing Corporation : Online)|w(CaOODSP)9.506068 |
| 856 | 40|ahttp://publications.gc.ca|qPDF|s3 MB|uhttps://publications.gc.ca/collections/collection_2011/schl-cmhc/nh18-1/NH18-1-164-1995-eng.pdf |